Sinonimi #2 - Statistics

Statistiche generali
  • Questo quiz è stato fatto 106 volte
  • Il punteggio medio è 16 su 20
Statistiche sulle risposte
Hint Risposta % Corretto
Arnese Strumento
99%
Sporadicamente Raramente
97%
Querelare Denunciare
95%
Civilmente Educatamente
93%
Zizzania Discordia
90%
Insoluto Irrisolto
90%
Confiscare Requisire
89%
Riassunto Sinossi
88%
Bohémien Hippy
85%
Letale Micidiale
85%
Predisposizione Indole
84%
Ottenere Conseguire
82%
Estenuante Debilitante
82%
Disarmonico Cacofonico
81%
Infido Subdolo
70%
Dileggiare Schernire
68%
Kafkiano Assurdo
67%
Settico Infetto
58%
Deperire Languire
58%
Dannoso Pernicioso
44%
Nessun quiz corrispondente trovato
Distribuzione punteggi
Percentuale di utenti per punteggio
Percentile per numero di risposta
I tuoi punteggi nel tempo
Non hai fatto questo quiz